000 00706nab a22002417i 4500
001 08266
003 HDC
007 cr bn ---aaaaa
008 210127c20151006my n|| o||| 00| 0 may
040 _aHDC
245 0 _aHampiri 5 juta karton
336 _atext
_2rdacontent
337 _acomputer
_2rdamedia
338 _aonline resource
_2rdacarrier
650 _aIndustri
_98384
650 _aPelaburan
_98769
650 _aProduk
_98766
710 _aHarian Metro
856 _zRequest full-text at [email protected]
942 _2lcc
942 _cNEWS
942 _kNWSC 001665
999 _c5589
_d5589